Επιστολή προς τον Υπουργό Καλών Τεχνών : Παρίσι, 23 Ιουνίου 1870

Αποθηκεύτηκε σε:
Λεπτομέρειες βιβλιογραφικής εγγραφής
Κύριος συγγραφέας: Courbet, Gustave 1819-1877
Μορφή: Βιβλίο
Γλώσσα:Greek
French
Δημοσίευση: Αθήνα : Άγρα, 1986
Σειρά:Επιστολές ; ; 1
Θέματα:
Ετικέτες: Προσθήκη ετικέτας
Δεν υπάρχουν, Καταχωρήστε ετικέτα πρώτοι!

MARC

LEADER 00000nam a2200000 i 4500
001 1/61232
008 141209s1986 gre d
035 |l 10120015 
040 |a GR-MY-UA  |b gre  |e aacr 
041 1 |a gre  |h fre 
082 0 |a 700.92  |2 (23) 
100 1 |a Courbet, Gustave  |d 1819-1877. 
245 1 0 |a Επιστολή προς τον Υπουργό Καλών Τεχνών :  |b Παρίσι, 23 Ιουνίου 1870 /  |c Gustave Courbet ; μετάφραση Λήδα Παλλαντίου 
260 |a Αθήνα :   |b Άγρα,   |c 1986 
300 |a 18 σ.;  |b εικ.;  |c 14 εκ. 
490 1 |a Επιστολές  |v ; 1 
600 1 0 |a Courbet Gustave  |d 1819-1877  |x Correspondence. 
650 0 0 |a Painters  |z France  |x Correspondence. 
830 0 |a Επιστολές ;  |v ; 1 
852 |a INST  |b SYROS  |e 20141209  |h 700.92 COU  |p 005500012336  |q 005500012336  |t BK  |y 0 
901 |a BIBL5-2014-3 
909 |a Ε  |b 190059 
922 |a 5ΕΛΗ  |b 201407  |c ΒΙΒΛΙΟΘΗΚΗ ΣΥΡΟΥ  |d Π. ΙΩΑΝΝΙΔΟΥ 
970 |a ΚΟΝΤΟΥ  |b ΠΑΡΑΣΚΕΥΗ  |z 2014/12/09